<?xml version="1.0" encoding="UTF-8"?>
<record
    xmlns:xsi="http://www.w3.org/2001/XMLSchema-instance"
    xsi:schemaLocation="http://www.loc.gov/MARC21/slim http://www.loc.gov/standards/marcxml/schema/MARC21slim.xsd"
    xmlns="http://www.loc.gov/MARC21/slim">

  <leader>01276cam a2200361 i 4500</leader>
  <datafield tag="999" ind1=" " ind2=" ">
    <subfield code="c">7316</subfield>
    <subfield code="d">7316</subfield>
  </datafield>
  <controlfield tag="001">.b74710461</controlfield>
  <controlfield tag="003">OSt</controlfield>
  <controlfield tag="005">20210225173847.0</controlfield>
  <controlfield tag="008">201201e202011  spca          001 0bcat| </controlfield>
  <datafield tag="015" ind1=" " ind2=" ">
    <subfield code="a">LL2021</subfield>
    <subfield code="2">bnc</subfield>
  </datafield>
  <datafield tag="017" ind1=" " ind2=" ">
    <subfield code="a">DL B 18636-2020</subfield>
    <subfield code="b">Biblioteca de Catalunya</subfield>
  </datafield>
  <datafield tag="020" ind1=" " ind2=" ">
    <subfield code="a">9788429778946</subfield>
  </datafield>
  <datafield tag="040" ind1=" " ind2=" ">
    <subfield code="a">ES-BaUAB</subfield>
    <subfield code="b">cat</subfield>
    <subfield code="e">rda</subfield>
    <subfield code="c">ES-BaUAB</subfield>
    <subfield code="d">ES-BaBC</subfield>
  </datafield>
  <datafield tag="041" ind1="1" ind2=" ">
    <subfield code="a">cat</subfield>
    <subfield code="h">spa</subfield>
  </datafield>
  <datafield tag="080" ind1=" " ind2=" ">
    <subfield code="a">929Quint&#xE0;, Alfons</subfield>
    <subfield code="2">2004</subfield>
  </datafield>
  <datafield tag="100" ind1="1" ind2=" ">
    <subfield code="a">Amat, Jordi,</subfield>
    <subfield code="d">1978-</subfield>
    <subfield code="e">autor</subfield>
  </datafield>
  <datafield tag="240" ind1="1" ind2="0">
    <subfield code="a">Hijo del ch&#xF3;fer.</subfield>
    <subfield code="l">Catal&#xE0;</subfield>
  </datafield>
  <datafield tag="245" ind1="1" ind2="3">
    <subfield code="a">El Fill del xofer :</subfield>
    <subfield code="b">els fils secrets del poder: ascens i caiguda d'Alfons Quint&#xE0; /</subfield>
    <subfield code="c">Jordi Amat ; traducci&#xF3;: Ricard Vela</subfield>
  </datafield>
  <datafield tag="250" ind1=" " ind2=" ">
    <subfield code="a">Primera edici&#xF3;</subfield>
  </datafield>
  <datafield tag="264" ind1=" " ind2="1">
    <subfield code="a">Barcelona :</subfield>
    <subfield code="b">Edicions 62,</subfield>
    <subfield code="c">novembre de 2020</subfield>
  </datafield>
  <datafield tag="300" ind1=" " ind2=" ">
    <subfield code="a">261 p&#xE0;gines ;</subfield>
    <subfield code="c">23 cm</subfield>
  </datafield>
  <datafield tag="336" ind1=" " ind2=" ">
    <subfield code="a">text</subfield>
    <subfield code="b">txt</subfield>
    <subfield code="2">rdacontent</subfield>
  </datafield>
  <datafield tag="337" ind1=" " ind2=" ">
    <subfield code="a">sense mediaci&#xF3;</subfield>
    <subfield code="b">n</subfield>
    <subfield code="2">rdamedia</subfield>
  </datafield>
  <datafield tag="338" ind1=" " ind2=" ">
    <subfield code="a">volum</subfield>
    <subfield code="b">nc</subfield>
    <subfield code="2">rdacarrier</subfield>
  </datafield>
  <datafield tag="500" ind1=" " ind2=" ">
    <subfield code="a">T&#xED;tol original: El hijo del ch&#xF3;fer</subfield>
  </datafield>
  <datafield tag="500" ind1=" " ind2=" ">
    <subfield code="a">Reimpressions: 2020, 2021</subfield>
  </datafield>
  <datafield tag="600" ind1="1" ind2="7">
    <subfield code="a">Quint&#xE0; i Sadurn&#xED;, Alfons,</subfield>
    <subfield code="d">1943-2016</subfield>
    <subfield code="2">lemac</subfield>
  </datafield>
  <datafield tag="650" ind1=" " ind2="7">
    <subfield code="a">Periodistes</subfield>
    <subfield code="z">Catalunya</subfield>
    <subfield code="x">Biografia</subfield>
    <subfield code="2">lemac</subfield>
  </datafield>
  <datafield tag="700" ind1="1" ind2=" ">
    <subfield code="a">Vela, Ricard,</subfield>
    <subfield code="d">1966-</subfield>
    <subfield code="e">traductor</subfield>
  </datafield>
  <datafield tag="907" ind1=" " ind2=" ">
    <subfield code="a">.b74710461</subfield>
    <subfield code="b">15-02-21</subfield>
    <subfield code="c">01-12-20</subfield>
    <subfield code="d">01-12-20</subfield>
    <subfield code="e">m</subfield>
    <subfield code="f">a  </subfield>
    <subfield code="g">-</subfield>
    <subfield code="h">cat</subfield>
    <subfield code="i">spc</subfield>
    <subfield code="j">0</subfield>
    <subfield code="k">0</subfield>
  </datafield>
  <datafield tag="940" ind1=" " ind2=" ">
    <subfield code="a">UAB</subfield>
  </datafield>
  <datafield tag="942" ind1=" " ind2=" ">
    <subfield code="2">udc</subfield>
    <subfield code="c">MON</subfield>
  </datafield>
  <datafield tag="952" ind1=" " ind2=" ">
    <subfield code="0">0</subfield>
    <subfield code="1">0</subfield>
    <subfield code="4">0</subfield>
    <subfield code="7">0</subfield>
    <subfield code="a">CDMR</subfield>
    <subfield code="b">CDMR</subfield>
    <subfield code="d">2021-02-25</subfield>
    <subfield code="l">5</subfield>
    <subfield code="o">Du 1/149</subfield>
    <subfield code="p">CDMR21020012</subfield>
    <subfield code="r">2023-09-07</subfield>
    <subfield code="s">2023-07-03</subfield>
    <subfield code="w">2021-02-25</subfield>
    <subfield code="y">MON</subfield>
  </datafield>
</record>
